Pet Cheetah Lyrics - Twenty One Pilots - Statistics

General Stats
  • This quiz has been taken 9 times
  • The average score is 150 of 312
Answer Stats
Number Lyrics % Correct
1 I
100%
2 am
83%
3 on
83%
76 a
67%
4 an
67%
17 and
67%
78 cheetah
67%
11 days
67%
10 eight
67%
21 I
67%
35 I
67%
41 I
67%
44 I
67%
53 I
67%
58 I
67%
61 I
67%
70 I
67%
154 I
67%
193 I
67%
196 I
67%
205 I
67%
210 I
67%
213 I
67%
222 I
67%
227 I
67%
230 I
67%
239 I
67%
244 I
67%
247 I
67%
6 no
67%
77 pet
67%
104 pet
67%
8 to
67%
179 afraid
50%
86 and
50%
89 and
50%
117 and
50%
183 and
50%
146 are
50%
164 as
50%
82 basement
50%
87 bathed
50%
184 be
50%
34 beat
50%
101 beats
50%
152 behind
50%
155 bet
50%
22 can
50%
280 Cheetah
50%
105 cheetah's
50%
168 clique
50%
9 confide
50%
176 could
50%
189 could
50%
187 death
50%
37 delete
50%
129 done
50%
79 down
50%
174 dude
50%
16 each
50%
14 eight
50%
126 enough
50%
123 faces
50%
23 feel
50%
113 feet
50%
54 find
50%
71 find
50%
206 find
50%
223 find
50%
240 find
50%
115 get
50%
118 get
50%
151 get
50%
162 get
50%
119 going
50%
75 got
50%
166 growing
50%
188 he
50%
160 help
50%
51 here
50%
68 here
50%
203 here
50%
220 here
50%
237 here
50%
85 him
50%
88 him
50%
91 him
50%
96 him
50%
178 him
50%
112 his
50%
181 his
50%
15 hours
50%
138 house
50%
256 I
50%
260 I
50%
274 I
50%
31 I'll
50%
49 I'll
50%
66 I'll
50%
132 I'll
50%
201 I'll
50%
218 I'll
50%
235 I'll
50%
252 I'll
50%
120 I'm
50%
128 I'm
50%
114 I'ma
50%
80 in
50%
107 in
50%
124 in
50%
134 in
50%
139 is
50%
5 island
50%
175 it
50%
191 it
50%
74 I've
50%
83 I've
50%
94 I've
50%
92 Jason
50%
125 just
50%
20 line
50%
190 lose
50%
98 make
50%
177 make
50%
99 me
50%
153 me
50%
169 means
50%
29 mind
50%
158 mindset
50%
116 mine
50%
42 move
50%
59 move
50%
194 move
50%
211 move
50%
228 move
50%
245 move
50%
171 much
50%
182 music
50%
28 my
50%
81 my
50%
103 my
50%
122 my
50%
135 my
50%
137 my
50%
90 named
50%
40 No
50%
57 No
50%
192 no
50%
209 no
50%
226 no
50%
243 no
50%
18 not
50%
102 now
50%
180 of
50%
111 on
50%
148 on
50%
7 one
50%
19 one
50%
141 one
50%
163 ours
50%
147 perched
50%
279 Pet
50%
127 places
50%
27 possess
50%
24 pressure
50%
56 problem
50%
73 problem
50%
208 problem
50%
225 problem
50%
242 problem
50%
106 quicker
50%
84 raised
50%
150 roof
50%
136 room
50%
185 scared
50%
36 should
50%
121 showing
50%
50 sit
50%
67 sit
50%
202 sit
50%
219 sit
50%
236 sit
50%
43 slow
50%
60 slow
50%
195 slow
50%
212 slow
50%
229 slow
50%
246 slow
50%
30 So
50%
170 so
50%
25 start
50%
93 Statham
50%
133 stay
50%
47 stop
50%
64 stop
50%
199 stop
50%
216 stop
50%
233 stop
50%
250 stop
50%
13 straight
50%
109 studio
50%
32 take
50%
110 than
50%
55 the
50%
72 the
50%
108 the
50%
140 the
50%
143 the
50%
149 the
50%
207 the
50%
224 the
50%
241 the
50%
100 these
50%
33 this
50%
156 this
50%
167 this
50%
173 this
50%
52 'til
50%
69 'til
50%
204 'til
50%
221 'til
50%
238 'til
50%
48 time
50%
65 time
50%
200 time
50%
217 time
50%
234 time
50%
251 time
50%
131 tip-toeing
50%
26 to
50%
38 to
50%
46 to
50%
63 to
50%
97 to
50%
172 to
50%
186 to
50%
198 to
50%
215 to
50%
232 to
50%
249 to
50%
95 trained
50%
161 us
50%
145 vultures
50%
45 want
50%
62 want
50%
197 want
50%
214 want
50%
231 want
50%
248 want
50%
165 we're
50%
142 where
50%
159 will
50%
130 with
50%
273 beat
33%
261 can
33%
283 Cheetah
33%
286 Cheetah
33%
289 Cheetah
33%
292 Cheetah
33%
295 Cheetah
33%
298 Cheetah
33%
301 Cheetah
33%
304 Cheetah
33%
307 Cheetah
33%
310 Cheetah
33%
313 Cheetah
33%
314 cheetah
33%
276 delete
33%
278 exercise
33%
262 feel
33%
257 find
33%
254 here
33%
270 I'll
33%
268 mind
33%
267 my
33%
157 nepotistic
33%
282 Pet
33%
285 Pet
33%
288 Pet
33%
291 Pet
33%
294 Pet
33%
297 Pet
33%
300 Pet
33%
303 Pet
33%
306 Pet
33%
309 Pet
33%
312 Pet
33%
266 possess
33%
263 pressure
33%
259 problem
33%
275 should
33%
253 sit
33%
269 So
33%
264 start
33%
271 take
33%
258 the
33%
272 this
33%
255 'til
33%
265 to
33%
277 to
33%
281 cheetah
17%
284 cheetah
17%
287 cheetah
17%
290 cheetah
17%
293 cheetah
17%
296 cheetah
17%
299 cheetah
17%
302 cheetah
17%
305 cheetah
17%
308 cheetah
17%
311 cheetah
17%
39 exercice
0%
No matching quizzes found
Score Distribution
Percent of People with Each Score
Percentile by Number Answered
Your Score History
You have not taken this quiz